Statistiques concernant Focus sur: Nagini - Harry Potter

Cliquez ici pour prendre le quiz!

Statistiques générales

  • Ce quiz a été pris 502 fois
  • Le résultat moyen est 5 sur 6

Statistiques - réponses

Informations recherchéesRéponses% Correct
Langue parléeFourchelang
96%
MaîtreLord Voldemort
96%
EspèceSerpent
91%
Première mentionHarry Potter et la Coupe de Feu
90%
CouleurVert
88%
SangMaledictus
13%

Distribution des résultats

Percentile par nombre de réponses

% des personnes avec chaque résultat

Votre développement - résultats

Vous n’avez pas pris ce quiz